000 00844cam a22002651 4500
001 50713
003 BD-RjUL
005 20211209075543.0
008 160828s1974 ii a b 001 0 eng
035 _a(BD-RjUL) 50833
040 _aDLC
_cVtMiM
_dOCoLC
_dCoU-M
_dDLC
_dBD-RjUL
_beng
041 _aeng
082 _a519.5
_bKEM 1974
_223
100 1 _aKenney, John F.
_q(John Francis),
_d1897-
_921290
245 1 0 _aMathematics of statistics /
_cJ. F. Kenney, E. S. Keeping
250 _a3rd ed.
260 _aNew Delhi :
_bAfiliated East-West Press Pvt. Ltd.,
_cc1954 [Printing 1974].
300 _ax, 348 p. :
_bill. ;
_c23 cm.
504 _aIncludes bibliographies and index.
505 0 _aPt. 1--
650 0 _aMathematical statistics.
_921291
700 1 _aKeeping, E. S.
_ejoint author.
_921292
942 _2ddc
_cBK
999 _c50713
_d50713